| 000 | 00630nam a2200205 4500 | ||
|---|---|---|---|
| 003 | OSt | ||
| 005 | 20240731015007.0 | ||
| 006 | a | ||
| 008 | 240731b |||||||| |||| 00| 0 eng d | ||
| 020 | _a978189285957 | ||
| 040 |
_aDWCL-Main lib. _cOC |
||
| 082 | _aGR. 463 W378 2003 | ||
| 110 | _aFederal Street Press | ||
| 245 | _aWebster’s Spanish-English dictionary for students / | ||
| 260 |
_aSpringfield, Mass. : _bFederal Street Press, _cc2003. |
||
| 300 |
_axv, _b359 p. ; _c19 cm. |
||
| 650 | _a1. Spanish language-Dictionaries-English. | ||
| 650 | _a2. English language-Dictionaries-Spanish. | ||
| 942 |
_2ddc _n0 _cGR _kGR. |
||
| 999 |
_c2997 _d2997 |
||